Altas esferas

Saved in:
Bibliografiske detaljer
Hovedforfatter: Hailey, Arthur (Author)
Format: Bog
Sprog:spansk
Udgivet: Buenos Aires Emecé 1972
Udgivelse:1a. ed
Serier:Grandes Novelistas. la Novela Actual en el Mundo
Fag:
Tags: Tilføj Tag
Ingen Tags, Vær først til at tagge denne postø!

MARC

LEADER 00000cam a2200000 a 4500
001 UCF6678
003 CL-VaPUC
008 130516e19720000AG |||||||||||||||||spa|d
082 0 4 |a C813  |b HAI  |2 21 
100 |a Hailey, Arthur  |e author  |9 568700 
245 1 0 |a Altas esferas 
250 |a 1a. ed 
300 |a 420 p 
942 |c BK 
945 |d 20130516 00:00:00  |a cmena 
260 |a Buenos Aires  |b Emecé  |c 1972 
650 0 |a Novelas canadienses  |9 261026 
650 0 |a Literatura canadiense  |9 342826 
650 0 |a Poder político  |9 255509 
583 |a last modification  |c 20130516 09:57:00  |k Rodrigo Vera 
490 0 |a Grandes Novelistas. la Novela Actual en el Mundo 
999 |c 351817  |d 351815 
952 |0 0  |1 0  |4 0  |6 C_813_000000000000000_HAI_1972  |7 0  |8 A  |9 456158  |a BIBEDU  |b BIBEDU  |d 2019-11-22  |i 4957741  |o C813 HAI 1972  |p 4957741  |r 2019-11-22  |w 2019-11-22  |y BK  |k LIT